Statystyki dla Polski----English #1

Kliknij tutaj aby rozwiązać quiz!

Ogólne statystyki

  • Ten quiz został rozwiązany 149 razy
  • Średni wynik to 5 z 15

Statystyki odpowiedzi

HintOdpowiedź% Poprawnych
opiekować sięlook after
62%
przepisrecipe
61%
płomieńflame
56%
smródstink
53%
czasownikverb
49%
liczba mnogaplural
41%
posądzać, podejrzanysuspect
39%
wiecznyeternal
28%
mądrywise
28%
podstawowy, esencionalnyessential
25%
nadużycieabuse
13%
kilkaseveral
11%
pozabeyond
9%
należyty, planowy, opłata, słuszny, właściwydue
6%
kiepskilame
5%

Rozkład punktacji

Percentyl według liczby udzielonych odpowiedzi

Procent ludzi z każdym wynikiem

Twoja historia wyników

Nie rozwiązałeś tego quizu